| 000 | 00832nam a22002537a 4500 | ||
|---|---|---|---|
| 001 | BR9601493 | ||
| 003 | BR-BrBNA | ||
| 005 | 20230928094942.0 | ||
| 007 | ta | ||
| 008 | 230509b bl.||||| |||| 00| 0 por d | ||
| 040 |
_aBR-BrBNA _bpor _cBiblioteca Nacional de Agricultura |
||
| 041 | _a(Por) | ||
| 072 | _aU10 | ||
| 090 | _ U10 BR9601493 | ||
| 100 | 1 | _aSilva, E.C. da | |
| 110 | 1 |
_aEmpresa Brasileira de Pesquisa Agropecuaria, Brasilia, DF (Brasil). Depto. de Metodos Quantitativos _93848 |
|
| 245 | 1 | _aUm aspecto sobre delineamentos em blocos incompletos e o proc GLM ("General Linear Models")do SAS ("Statistical Analysis System") | |
| 260 | 3 |
_aBrasilia, DF (Brasil): _c1982. |
|
| 300 | _a17 p. | ||
| 650 | _aAnalise Estatistica | ||
| 650 | _aModelo Matematico | ||
| 909 |
_a202309 _bLucia _c55 _dLucia Elande |
||
| 942 | _cBK | ||
| 999 |
_c53622 _d53622 |
||